00629nam a2200169 a 450000100100000000500170001000800410002704000250006808200220009310000390011524500490015426000330020330000200023604900090025695201770026599900170044200003194320200930063311.0090917s1944 dr 001 0 spa d aDO-SdBNPbspacBNPHU axxxxbM672ia19991 aHarari, J.q(José Harari)95811110aIntroducción a la economía /cJ. Harari. a[s. l.] :b[s. n.],c[1944]. a81 p. :b22 cm. aBNPD 0010718PDaPDbPDcCTd2011-07-07iLF1l0oxxxx 1999 M672ip31943-10r2020-06-25w2020-06-25yLFPDzPerteneció a la biblioteca personal de Martínez BoogZNo se presta c31434d31434